000 00539nam a2200205 a 4500
001 16943
003 CO-ViMGA
008 141112s2004 ck r 000 u spa d
020 _a9682460557
040 _aCO-ViMGA
_bspa
_cCO-ViMGA
082 0 4 _a746.44 C274b
100 1 _aChristophorus,
_924021
245 1 0 _aBordado y deshilado Hardanger
260 _aMexico,
_cTrillas,
_c2000
300 _a95.p.
590 _aForma de adquisición : Premio - Mincultura
650 1 4 _aARTE DECORATIVO
_924022
650 1 4 _aBORDADO
942 _2ddc
_cBK
999 _c26576
_d26576